<?xml version="1.0" encoding="UTF-8"?>
<record
    xmlns:xsi="http://www.w3.org/2001/XMLSchema-instance"
    xsi:schemaLocation="http://www.loc.gov/MARC21/slim http://www.loc.gov/standards/marcxml/schema/MARC21slim.xsd"
    xmlns="http://www.loc.gov/MARC21/slim">

  <leader>04274nam a22003614a 4500</leader>
  <controlfield tag="001">ebr10236676</controlfield>
  <controlfield tag="003">CaPaEBR</controlfield>
  <controlfield tag="006">m        u        </controlfield>
  <controlfield tag="007">cr cn|||||||||</controlfield>
  <controlfield tag="008">060921s2007    maua    sb    001 0 eng  </controlfield>
  <datafield tag="010" ind1=" " ind2=" ">
    <subfield code="z">  2006031411</subfield>
  </datafield>
  <datafield tag="016" ind1="7" ind2=" ">
    <subfield code="z">101287981</subfield>
    <subfield code="2">DNLM</subfield>
  </datafield>
  <datafield tag="020" ind1=" " ind2=" ">
    <subfield code="z">9781405155700</subfield>
  </datafield>
  <datafield tag="020" ind1=" " ind2=" ">
    <subfield code="z">1405155701</subfield>
  </datafield>
  <datafield tag="040" ind1=" " ind2=" ">
    <subfield code="a">CaPaEBR</subfield>
    <subfield code="c">CaPaEBR</subfield>
  </datafield>
  <datafield tag="035" ind1=" " ind2=" ">
    <subfield code="a">(OCoLC)244637050</subfield>
  </datafield>
  <datafield tag="050" ind1="1" ind2="4">
    <subfield code="a">RD598.5</subfield>
    <subfield code="b">.A384 2007eb</subfield>
  </datafield>
  <datafield tag="082" ind1="0" ind2="4">
    <subfield code="a">617.4/130597</subfield>
    <subfield code="2">22</subfield>
  </datafield>
  <datafield tag="245" ind1="0" ind2="0">
    <subfield code="a">Advanced endovascular therapy of aortic disease</subfield>
    <subfield code="h">[electronic resource] /</subfield>
    <subfield code="c">edited by Alan B. Lumsden ... [et al.].</subfield>
  </datafield>
  <datafield tag="260" ind1=" " ind2=" ">
    <subfield code="a">Malden, Mass. ;</subfield>
    <subfield code="a">Oxford :</subfield>
    <subfield code="b">Blackwell Futura,</subfield>
    <subfield code="c">2007.</subfield>
  </datafield>
  <datafield tag="300" ind1=" " ind2=" ">
    <subfield code="a">xiii, 220 p. :</subfield>
    <subfield code="b">ill.</subfield>
  </datafield>
  <datafield tag="504" ind1=" " ind2=" ">
    <subfield code="a">Includes bibliographical references and index.</subfield>
  </datafield>
  <datafield tag="505" ind1="0" ind2=" ">
    <subfield code="a">Etiology and pathogenesis of aortic disease / Bo Risberg and Lars L&#xFFFD;onn -- Clinical consideration of aortic disease : atherosclerosis, aneurysm, dissection, and traumatic injury / Lars L&#xFFFD;onn and Bo Risberg -- Thoracic aortic aneurysms : classification, incidence, etiology, natural history, and results / Hazim J. Safi -- Angiographic aortic anatomy and variants / Louis G. Martin -- Patient selection for thoracic endografts : today and tomorrow / Mark A. Farber -- Noninvasive aortic imaging modalities : CT, MRI, intravascular ultrasound (IVUS) and transesophageal echocardiography (TEE) / Tae K. Song and Rodney A. White -- Preoperative imaging and device sizing in endovascular management of thoracic aortic aneurysms / Panos Kougias, Hosam El Sayed, and Wei Zhou -- Intramural hematoma and penetrating ulcer / Michael D. Dake -- Patient follow-up and evaluation of abdominal and thoracic stent grafts / Jan D. Blankensteijn -- Endovascular therapy of thoracic aneurysms : the Gore TAG trial results / Jae-Sung Cho, Shan-e-ali Haider, and Michel S. Makaroun -- Medtronic TALENT and VALIANT devices : moving toward the next generation of thoracic aortic stent grafts / Ron Fairman -- Early clinical experience with the Bolton Relay thoracic stent graft / Frank J. Criado -- Clinical results of the the EUROSTAR thoracic registry / Peter Harris ... [et al.] -- Management of aortic aneurysms and dissections with the Zenith TX2 stent graft / W. Anthony Lee -- Aortic dissection : evaluation and management : choosing the right intervention / David M. Williams --</subfield>
  </datafield>
  <datafield tag="505" ind1="0" ind2=" ">
    <subfield code="a">Aortic dissection : role of fenestration and stents in the endograft era / David M. Williams -- Blunt trauma to the thoracic aorta : current challenges / Kenneth L. Mattox ... [et al.] -- Traumatic disruption of the aorta / Ross Milner, Karthik Kasirajan, and Elliot Chaikof -- Should endovascular repair be considered the standard treatment in traumatic thoracic aortic injury? / Peter H. Lin, Tam T. Huynh, and Eric K. Peden -- Site-specific aortic endografting : case examples and discussion - the ascending aorta / Edward B. Diethrich -- Improved endograft fixation - a role for aortic endostapling? / Brian R. Hopkinson -- Treating smaller aneurysms : is there a rationale? / Kenneth Ouriel -- Management strategies, adjuncts, and technical tips to facilitate endovascular treatment of ruptured abdominal aortic aneurysms / Frank J. Veith ... [et al.] -- Post-operative imaging surveillance and endoleak management after endovascular repair of thoracic aortic aneurysms / S. William Stavropoulos and Jeffrey P. Carpenter -- Percutaneous repair of abdominal aortic aneurysms with local anesthesia and conscious sedation / Zvonimir Krajcer ... [et al.] -- Endoleak management in the abdominal aorta / Jennifer L. Ash, Syed M. Hussain, Kim J. Hodgson -- Aneurysm sac pressure measurement with a pressure sensor in endovascular aortic aneurysm repair / Lisandro Carnero &amp; Ross Milner.</subfield>
  </datafield>
  <datafield tag="533" ind1=" " ind2=" ">
    <subfield code="a">Electronic reproduction.</subfield>
    <subfield code="b">Palo Alto, Calif. :</subfield>
    <subfield code="c">ebrary,</subfield>
    <subfield code="d">2013.</subfield>
    <subfield code="n">Available via World Wide Web.</subfield>
    <subfield code="n">Access may be limited to ebrary affiliated libraries.</subfield>
  </datafield>
  <datafield tag="650" ind1=" " ind2="0">
    <subfield code="a">Blood-vessels</subfield>
    <subfield code="x">Endoscopic surgery.</subfield>
  </datafield>
  <datafield tag="650" ind1=" " ind2="0">
    <subfield code="a">Aorta</subfield>
    <subfield code="x">Diseases.</subfield>
  </datafield>
  <datafield tag="650" ind1=" " ind2="0">
    <subfield code="a">Aorta</subfield>
    <subfield code="x">Surgery.</subfield>
  </datafield>
  <datafield tag="655" ind1=" " ind2="7">
    <subfield code="a">Electronic books.</subfield>
    <subfield code="2">local</subfield>
  </datafield>
  <datafield tag="700" ind1="1" ind2=" ">
    <subfield code="a">Lumsden, Alan B.</subfield>
  </datafield>
  <datafield tag="710" ind1="2" ind2=" ">
    <subfield code="a">ebrary, Inc.</subfield>
  </datafield>
  <datafield tag="856" ind1="4" ind2="0">
    <subfield code="u">http://site.ebrary.com/lib/rucke/Doc?id=10236676</subfield>
    <subfield code="z">An electronic book accessible through the World Wide Web; click to view</subfield>
  </datafield>
  <datafield tag="999" ind1=" " ind2=" ">
    <subfield code="c">150734</subfield>
    <subfield code="d">150734</subfield>
  </datafield>
</record>
